000 00580nam a2200145Ia 4500
008 100204s9999 xx 000 0 und d
082 _b26332
100 _aपेंडसे द. रा.
245 _a"जे. आर. डी. टाटा , मी पाहिलेले"
260 _b"राजहंस प्रकाशन , पुणे"
_c2004
300 _a197
630 _a"जे. आर. डी. टाटा , मी पाहिलेले"
730 _a"जे. आर. डी. टाटा , मी पाहिलेले"
942 _cBOOK
999 _c471513
_d471510